000 01312nam a22002177a 4500
999 _c60391
_d60391
003 Ge_BSU
005 20230711112720.0
008 230711s2004ge xxu||||| |||| 00| 0 geo d
020 _a9994031244
041 _ageo
080 _a81'374.822=14'01=353.1 გ-51
100 _aგიორგობიანი, თინათინ, ავტ.
_919231
245 _aქსენოფონტის ლექსიკონი /
_cთინათინ გიორგობიანი ; [რედ. ქ. აბესაძე]
264 _aთბილისი :
_bპროგრამა "ლოგოსი",
_c2004.
300 _a200 გვ. ;
_b24 სმ.
440 _aპროგრამა "ლოგოსი" : პუბლიკაციები და ღონისძიებები კლასიკური ფილოლოგიის, ბიზანტინისტიკისა და ნეოგრეცისტიკის სფეროში
_93642
653 _aქსენოფონტის ლექსიკონი
700 _aაბესაძე, ქ
_eრედაქტორი
_919232
710 _a თსუ, კლასიკ. ფილოლ., ბიზანტ. და ნეოგრეც. ინ-ტი.
_919233
942 _2udc
_cBK